[Event "Berlin Werner Ott op"]
[Site "Berlin"]
[Date "2022.07.10"]
[Round "2"]
[White "Grillich, Alexander"]
[Black "Kauschmann, Herbert"]
[Result "0-1"]
[WhiteElo "1931"]
[BlackElo "2109"]
[PlyCount "74"]
[EventDate "2022.07.09"]
[EventType "swiss"]
[EventRounds "9"]
[EventCountry "GER"]
[SourceTitle "CBM 209 Extra"]
[Source "ChessBase"]
[SourceDate "2022.09.30"]
[SourceVersion "1"]
[SourceVersionDate "2022.09.30"]
[SourceQuality "1"]

1. e4 g6 2. d4 Bg7 3. Nf3 d6 4. Nc3 a6 5. h3 Nd7 6. Be3 c6 7. Qd2 b5 8. Bd3 Bb7 9. 0-0 Qc7 10. Rfe1 e5 11. Rad1 Ngf6 12. Bh6 0-0 13. Bxg7 Kxg7 14. Bf1 Rad8 15. Qe3 c5 16. dxe5 Nxe5 17. Nd5 Nxf3+ 18. Qxf3 Bxd5 19. exd5 Rfe8 20. a4 bxa4 21. Qc3 Qb6 22. g4 Qb4 23. Qxb4 cxb4 24. Rxe8 Rxe8 25. Bxa6 Ra8 26. Bb7 Ra7 27. Bc6 a3 28. bxa3 bxa3 29. f3 a2 30. Ra1 Ra3 31. Kf2 g5 32. Ke2 Ng8 33. c4 Ne7 34. Bb5 Kf6 35. Kf2 Ke5 36. Be8 f6 37. Bf7 Kd4 0-1

[Event "Berlin Werner Ott op"]
[Site "Berlin"]
[Date "2019.06.30"]
[Round "9"]
[White "Jurkatis, Hagen"]
[Black "Kauschmann, Herbert"]
[Result "0-1"]
[WhiteElo "1961"]
[BlackElo "2114"]
[PlyCount "82"]
[EventDate "2019.06.22"]
[EventType "swiss"]
[EventRounds "9"]
[EventCountry "GER"]
[SourceTitle "EXT 2022"]
[Source "ChessBase"]
[SourceDate "2021.10.06"]
[SourceVersion "1"]
[SourceVersionDate "2021.10.06"]
[SourceQuality "1"]

1. f4 g6 2. Nf3 Bg7 3. g3 c5 4. Bg2 Nc6 5. d3 d6 6. 0-0 Nf6 7. Nc3 e6 8. e4 0-0 9. h3 Nd4 10. Be3 Nd7 11. Qd2 Rb8 12. Rab1 b6 13. Ne2 Nxf3+ 14. Bxf3 f5 15. Nc3 Bb7 16. Nb5 Nf6 17. Qg2 d5 18. e5 Ne8 19. d4 Ba6 20. a4 Bxb5 21. axb5 c4 22. b3 c3 23. Bc1 Rf7 24. Ra1 Bf8 25. Rf2 Rbb7 26. Qf1 Be7 27. Kh2 g5 28. g4 Ng7 29. Rg2 Kh8 30. Qg1 fxg4 31. hxg4 gxf4 32. Kh1 Bh4 33. Qh2 Qg5 34. Ba3 Rb8 35. Qh3 Bg3 36. Kg1 Rg8 37. Kf1 Qg6 38. Ra2 Ne8 39. Rg1 Nc7 40. Rh1 Nxb5 41. Be2 Qe4 0-1

[Event "Berlin Cup op"]
[Site "Berlin"]
[Date "2018.09.27"]
[Round "5"]
[White "Steinberg, Jean"]
[Black "Kauschmann, Herbert"]
[Result "0-1"]
[WhiteElo "1659"]
[BlackElo "1985"]
[PlyCount "68"]
[EventDate "2018.08.30"]
[EventType "swiss"]
[EventRounds "5"]
[EventCountry "GER"]
[SourceTitle "EXT 2022"]
[Source "ChessBase"]
[SourceDate "2021.10.06"]
[SourceVersion "1"]
[SourceVersionDate "2021.10.06"]
[SourceQuality "1"]

1. e4 g6 2. d4 Bg7 3. Bc4 e6 4. d5 d6 5. Nf3 e5 6. h3 Nf6 7. Qe2 0-0 8. 0-0 Nbd7 9. a4 Nc5 10. Nbd2 a5 11. c3 Bd7 12. b3 Nh5 13. Ba3 Nf4 14. Qe3 b6 15. Bxc5 bxc5 16. Bb5 Bh6 17. Kh1 Kg7 18. Qe1 f5 19. Bxd7 Qxd7 20. exf5 gxf5 21. g4 Kh8 22. Nxe5 dxe5 23. Qxe5+ Qg7 24. Qxg7+ Bxg7 25. Rad1 Nxh3 26. gxf5 Rxf5 27. Ne4 Nf4 28. c4 Rh5+ 29. Kg1 Bd4 30. Rxd4 cxd4 31. f3 Rg8+ 32. Kf2 Rg2+ 33. Ke1 Rhh2 34. Nf6 Ra2 0-1

[Event "Berlin Cup op"]
[Site "Berlin"]
[Date "2018.09.20"]
[Round "4"]
[White "Heerde, Thomas"]
[Black "Kauschmann, Herbert"]
[Result "1-0"]
[WhiteElo "1988"]
[BlackElo "1985"]
[PlyCount "205"]
[EventDate "2018.08.30"]
[EventType "swiss"]
[EventRounds "5"]
[EventCountry "GER"]
[SourceTitle "EXT 2022"]
[Source "ChessBase"]
[SourceDate "2021.10.06"]
[SourceVersion "1"]
[SourceVersionDate "2021.10.06"]
[SourceQuality "1"]

1. b3 Nf6 2. Bb2 e6 3. d3 d5 4. g3 c5 5. Bg2 Nc6 6. Nd2 Be7 7. Ngf3 0-0 8. 0-0 Qc7 9. e4 dxe4 10. dxe4 Rd8 11. Qe2 e5 12. h3 b6 13. Rfe1 a5 14. Nc4 Nd7 15. Ne3 Ba6 16. c4 Nd4 17. Bxd4 cxd4 18. Nd5 Qd6 19. Nd2 Rab8 20. a4 Nc5 21. f4 f6 22. h4 Re8 23. f5 Bb7 24. g4 Bxd5 25. cxd5 Qd7 26. Nc4 Kh8 27. Qd1 Bd8 28. Bf1 Rg8 29. h5 Be7 30. Ra2 h6 31. g5 Bd6 32. g6 Rge8 33. Nd2 Qa7 34. Bb5 Nb7 35. Nc4 Bb4 36. Rf1 Nc5 37. Nd6 Rf8 38. Qg4 d3 39. Rg2 d2 40. Qg3 Nxb3 41. Qxb3 Bxd6 42. Rxd2 Rfc8 43. Rc2 Rxc2 44. Qxc2 Bc5+ 45. Kg2 Qe7 46. Rc1 Qd6 47. Kf3 Kg8 48. Qc4 Kf8 49. Bc6 Bd4 50. Rb1 Qa3+ 51. Qb3 Qxb3+ 52. Rxb3 Ke7 53. Ke2 Kd6 54. Kd3 Rd8 55. Rb1 Bc5 56. Kc4 Kc7 57. Kb5 Kd6 58. Ka6 Kc7 59. Rc1 Rb8 60. Rc2 Kd6 61. Ka7 Kc7 62. Ba8 Rd8 63. Bc6 Rd6 64. Be8 Rd8 65. Bc6 Rd6 66. Ka6 Rd8 67. Kb5 Kd6 68. Rc4 Rb8 69. Rc2 Rc8 70. Rb2 Rc7 71. Kc4 Re7 72. Rb5 Ra7 73. Be8 Rc7 74. Bc6 Rc8 75. Rb1 Rb8 76. Kb5 Rd8 77. Rc1 Rb8 78. Rc2 Bd4 79. Ka6 Bc5 80. Ka7 Rc8 81. Kb7 Rc7+ 82. Ka6 Bd4 83. Rc4 Be3 84. Rc3 Bd4 85. Rb3 Rc8 86. Rxb6 Bxb6 87. Kxb6 Rb8+ 88. Kxa5 Kc5 89. Ka6 Rb4 90. a5 Rxe4 91. Kb7 Rb4+ 92. Kc7 e4 93. d6 e3 94. Bf3 Kb5 95. d7 Rc4+ 96. Kd6 Rd4+ 97. Ke7 Kxa5 98. d8Q+ Rxd8 99. Kxd8 Kb5 100. Ke7 Kc5 101. Kf7 Kd6 102. Kxg7 Ke5 103. Kxh6 1-0

[Event "Berlin Cup KO"]
[Site "Berlin"]
[Date "2018.08.30"]
[Round "1.4"]
[White "Kauschmann, Herbert"]
[Black "Noetzel, Felix"]
[Result "1/2-1/2"]
[WhiteElo "1985"]
[BlackElo "2184"]
[PlyCount "55"]
[EventDate "2018.08.30"]
[EventType "k.o."]
[EventRounds "5"]
[EventCountry "GER"]
[SourceTitle "EXT 2022"]
[Source "ChessBase"]
[SourceDate "2021.10.06"]
[SourceVersion "1"]
[SourceVersionDate "2021.10.06"]
[SourceQuality "1"]

1. e4 e5 2. Nf3 Nc6 3. d4 exd4 4. Bc4 Nf6 5. e5 d5 6. Bb5 Ne4 7. Nxd4 Bd7 8. Bxc6 bxc6 9. c3 Bc5 10. 0-0 0-0 11. f3 Ng5 12. f4 Ne4 13. Be3 f6 14. Nd2 fxe5 15. fxe5 Qe7 16. Nxe4 dxe4 17. Bf4 Rxf4 18. Rxf4 Qxe5 19. g3 g5 20. Rf1 Bh3 21. Re1 Rf8 22. Qd2 Bb6 23. Re3 Qf6 24. Qe2 Bg4 25. Qc4+ Be6 26. Qe2 Bg4 27. Qc4+ Be6 28. Qe2 1/2-1/2

[Event "Berlin Werner Ott op"]
[Site "Berlin"]
[Date "2018.07.07"]
[Round "8"]
[White "Kauschmann, Herbert"]
[Black "Rollwitz, Juergen"]
[Result "1/2-1/2"]
[WhiteElo "2162"]
[BlackElo "1949"]
[PlyCount "48"]
[EventDate "2018.06.30"]
[EventType "swiss"]
[EventRounds "9"]
[EventCountry "GER"]
[SourceTitle "CBM 185 Extra"]
[Source "ChessBase"]
[SourceDate "2018.07.29"]
[SourceVersion "1"]
[SourceVersionDate "2018.07.29"]
[SourceQuality "1"]

1. e4 d6 2. d4 e5 3. c3 Be7 4. Bc4 Nf6 5. Qe2 0-0 6. Nf3 Nbd7 7. Bb3 c6 8. 0-0 Qc7 9. Nbd2 Nb6 10. dxe5 dxe5 11. h3 Bc5 12. Re1 Qe7 13. Nf1 Be6 14. Ng3 g6 15. Bh6 Rfe8 16. Bc2 Qc7 17. b3 Bf8 18. Qe3 Nfd7 19. Rad1 f6 20. Bxf8 Nxf8 21. c4 Red8 22. c5 Rxd1 23. Rxd1 Nbd7 24. a4 Qa5 1/2-1/2

[Event "Berlin Werner Ott op"]
[Site "Berlin"]
[Date "2018.07.06"]
[Round "7"]
[White "Jaeger, Andre"]
[Black "Kauschmann, Herbert"]
[Result "1/2-1/2"]
[WhiteElo "1922"]
[BlackElo "2162"]
[PlyCount "47"]
[EventDate "2018.06.30"]
[EventType "swiss"]
[EventRounds "9"]
[EventCountry "GER"]
[SourceTitle "CBM 185 Extra"]
[Source "ChessBase"]
[SourceDate "2018.07.29"]
[SourceVersion "1"]
[SourceVersionDate "2018.07.29"]
[SourceQuality "1"]

1. d4 g6 2. c4 Bg7 3. Nf3 c5 4. d5 e5 5. e4 d6 6. Nc3 h6 7. Bd2 Ne7 8. g3 Bd7 9. Qb3 b6 10. Nb5 0-0 11. Bg2 Bc8 12. 0-0 f5 13. exf5 gxf5 14. Nh4 a6 15. Nc3 Nd7 16. Qc2 Nf6 17. Bh3 Nh7 18. Rae1 Qe8 19. Qd1 Qf7 20. Kh1 Kh8 21. f4 Ng6 22. Nxg6+ Qxg6 23. fxe5 dxe5 24. Bg2 1/2-1/2

[Event "Berlin Werner Ott op"]
[Site "Berlin"]
[Date "2018.06.30"]
[Round "1"]
[White "Granzin, David"]
[Black "Kauschmann, Herbert"]
[Result "1/2-1/2"]
[WhiteElo "1729"]
[BlackElo "2162"]
[PlyCount "51"]
[EventDate "2018.06.30"]
[EventType "swiss"]
[EventRounds "9"]
[EventCountry "GER"]
[SourceTitle "CBM 185 Extra"]
[Source "ChessBase"]
[SourceDate "2018.07.29"]
[SourceVersion "1"]
[SourceVersionDate "2018.07.29"]
[SourceQuality "1"]

1. e4 g6 2. Nf3 Bg7 3. Bb5 c5 4. c3 a6 5. Ba4 b5 6. Bc2 Bb7 7. 0-0 d5 8. d3 e6 9. a4 Nd7 10. exd5 Bxd5 11. d4 Ngf6 12. Qe2 0-0 13. Bf4 Qb6 14. Nbd2 cxd4 15. cxd4 Rac8 16. Bd3 Bc6 17. Ne4 Bxe4 18. Bxe4 Nd5 19. Bxd5 exd5 20. axb5 axb5 21. Qd3 Rfe8 22. Rfe1 Qf6 23. Qb3 Rxe1+ 24. Rxe1 Qc6 25. h3 Qb7 26. Ra1 1/2-1/2

[Event "Berlin Werner Ott op"]
[Site "Berlin"]
[Date "2017.07.16"]
[Round "2"]
[White "Di Candia, Roberto"]
[Black "Kauschmann, Herbert"]
[Result "0-1"]
[WhiteElo "1900"]
[BlackElo "2165"]
[PlyCount "52"]
[EventDate "2017.07.15"]
[EventType "swiss"]
[EventRounds "9"]
[EventCountry "GER"]
[SourceTitle "EXT 2019"]
[Source "ChessBase"]
[SourceDate "2018.10.10"]
[SourceVersion "1"]
[SourceVersionDate "2018.10.10"]
[SourceQuality "1"]

1. e4 g6 2. d4 Bg7 3. Nc3 d6 4. Be3 c6 5. Nf3 b5 6. Bd3 a6 7. Ne2 Nd7 8. c3 Bb7 9. 0-0 Qc7 10. Qd2 Ngf6 11. h3 e5 12. Ng3 h5 13. Bg5 Nf8 14. Rfe1 N6d7 15. d5 f6 16. Be3 h4 17. Nf1 c5 18. b4 Kf7 19. c4 bxc4 20. Bxc4 cxb4 21. Qxb4 Bh6 22. Rec1 Bxe3 23. Nxe3 Nc5 24. a4 Nfd7 25. a5 Rab8 26. Qa4 Nxa4 0-1

[Event "Berlin-ch Seniors op 23rd"]
[Site "Berlin"]
[Date "2007.02.09"]
[Round "5"]
[White "Kauschmann, Herbert"]
[Black "Welz, Peter"]
[Result "1/2-1/2"]
[WhiteElo "2155"]
[BlackElo "2138"]
[PlyCount "104"]
[EventDate "2007.02.05"]
[EventType "swiss"]
[EventRounds "9"]
[EventCountry "GER"]
[SourceTitle "EXT 2022"]
[Source "ChessBase"]
[SourceDate "2021.10.06"]
[SourceVersion "1"]
[SourceVersionDate "2021.10.06"]
[SourceQuality "1"]

1. e4 e6 2. d4 d5 3. e5 c5 4. Nf3 Nc6 5. dxc5 Bxc5 6. Bd3 f6 7. Qe2 fxe5 8. Nxe5 Nxe5 9. Qxe5 Qf6 10. Bb5+ Bd7 11. Bxd7+ Kxd7 12. Qe2 a6 13. Nc3 Ne7 14. Be3 Rhc8 15. 0-0 Rc6 16. Bxc5 Rxc5 17. Rad1 Ke8 18. Qh5+ Qg6 19. Qe5 Qf6 20. Qh5+ Qg6 21. Qe2 Rac8 22. Rfe1 R8c6 23. Rd3 b5 24. Rg3 Qf7 25. Rf3 Qg6 26. Qe5 Kd7 27. Rf8 Qxc2 28. Qb8 Rc8 29. Rxc8 Nxc8 30. Qb7+ Kd8 31. Qxg7 Rc6 32. h3 Qxb2 33. Qg8+ Kc7 34. Re3 Kb8 35. Qg7 Rc7 36. Qd4 b4 37. Ne2 Qxd4 38. Nxd4 Rc4 39. Nxe6 Rc1+ 40. Kh2 Rc2 41. a3 Rxf2 42. axb4 Rb2 43. Nc5 Nd6 44. Rd3 Nf5 45. Rxd5 Rxg2+ 46. Kxg2 Ne3+ 47. Kf3 Nxd5 48. Nxa6+ Ka7 49. Ke4 Nc3+ 50. Kd3 Nd5 51. Ke4 Nc3+ 52. Kd3 Nd5 1/2-1/2

[Event "Berlin-ch Seniors op 23rd"]
[Site "Berlin"]
[Date "2007.02.07"]
[Round "3"]
[White "Kauschmann, Herbert"]
[Black "Keusch, Horst"]
[Result "1-0"]
[WhiteElo "2155"]
[BlackElo "1909"]
[PlyCount "63"]
[EventDate "2007.02.05"]
[EventType "swiss"]
[EventRounds "9"]
[EventCountry "GER"]
[SourceTitle "EXT 2022"]
[Source "ChessBase"]
[SourceDate "2021.10.06"]
[SourceVersion "1"]
[SourceVersionDate "2021.10.06"]
[SourceQuality "1"]

1. e4 g6 2. d4 Bg7 3. Nc3 c6 4. Be3 d5 5. Qd2 dxe4 6. Nxe4 Nd7 7. Nf3 Ngf6 8. Ng3 0-0 9. 0-0-0 b5 10. h4 h5 11. Bg5 Nb6 12. Ne5 Qd5 13. Qa5 Be6 14. f3 Nc4 15. Bxc4 bxc4 16. Qxd5 cxd5 17. Rhe1 Rab8 18. Nxg6 Rfe8 19. Nf4 Bd7 20. Nfxh5 Nxh5 21. Nxh5 Bf8 22. Re3 Rb6 23. g4 f6 24. Bf4 Kf7 25. g5 fxg5 26. hxg5 Bf5 27. Be5 a5 28. f4 e6 29. Nf6 Rd8 30. Bc7 Rdb8 31. Bxb6 Rxb6 32. Nd7 1-0

[Event "Berlin-ch Seniors op 23rd"]
[Site "Berlin"]
[Date "2007.02.05"]
[Round "1"]
[White "Kauschmann, Herbert"]
[Black "Pilz, Joachim"]
[Result "1-0"]
[WhiteElo "2155"]
[BlackElo "1696"]
[PlyCount "52"]
[EventDate "2007.02.05"]
[EventType "swiss"]
[EventRounds "9"]
[EventCountry "GER"]
[SourceTitle "EXT 2022"]
[Source "ChessBase"]
[SourceDate "2021.10.06"]
[SourceVersion "1"]
[SourceVersionDate "2021.10.06"]
[SourceQuality "1"]

1. e4 d6 2. d4 Nf6 3. Nc3 g6 4. Be2 Bg7 5. h4 h5 6. Nh3 Bxh3 7. Rxh3 c5 8. Bb5+ Nfd7 9. dxc5 dxc5 10. Bf4 0-0 11. Rd3 Bd4 12. Bxd7 Nxd7 13. Ne2 Qb6 14. c3 e5 15. Bg3 Nf6 16. cxd4 exd4 17. f3 Rfe8 18. Rb3 Qa6 19. Ra3 Qe6 20. Rc1 Qe7 21. Qd2 b6 22. b4 Nd7 23. bxc5 bxc5 24. Rb3 Nb6 25. Rb5 Rac8 26. Kf1 Rc6 1-0

[Event "Berlin op 07"]
[Site "Berlin"]
[Date "2006.07.16"]
[Round "9"]
[White "Kauschmann, Herbert"]
[Black "Richter, Michael"]
[Result "0-1"]
[WhiteElo "2178"]
[BlackElo "2389"]
[PlyCount "72"]
[EventDate "2006.07.08"]
[EventType "swiss"]
[EventRounds "9"]
[EventCountry "GER"]
[SourceTitle "CBM 113 Extra"]
[Source "ChessBase"]
[SourceDate "2006.09.14"]
[SourceVersion "1"]
[SourceVersionDate "2006.09.14"]
[SourceQuality "1"]

1. e4 c5 2. Nf3 e6 3. c3 d5 4. e5 d4 5. cxd4 cxd4 6. Bb5+ Bd7 7. Qb3 Nc6 8. 0-0 Nge7 9. d3 Ng6 10. Bg5 f6 11. exf6 gxf6 12. Bd2 Bc5 13. Bxc6 bxc6 14. Qc4 Qe7 15. Rc1 Bb6 16. Nxd4 Ne5 17. Qc3 Rg8 18. Be3 Qg7 19. g3 Qg4 20. Nd2 c5 21. Nc2 Bc6 22. Ne1 Qh3 23. Ne4 0-0-0 24. Bxc5 Rxd3 25. Qc2 Bc7 26. Qe2 Rg4 27. f3 Rxf3 28. Qa6+ Kd8 29. Rd1+ Bd5 30. Rxd5+ exd5 31. Rd1 Rxe4 32. Rxd5+ Ke8 33. Rxe5+ Rxe5 34. Nxf3 Rxc5 35. Qxf6 Rc1+ 36. Kf2 Bb6+ 0-1

[Event "Berlin op 07"]
[Site "Berlin"]
[Date "2006.07.14"]
[Round "7"]
[White "Kauschmann, Herbert"]
[Black "Kiesekamp, Marcos"]
[Result "1-0"]
[WhiteElo "2178"]
[BlackElo "2259"]
[PlyCount "81"]
[EventDate "2006.07.08"]
[EventType "swiss"]
[EventRounds "9"]
[EventCountry "GER"]
[SourceTitle "CBM 113 Extra"]
[Source "ChessBase"]
[SourceDate "2006.09.14"]
[SourceVersion "1"]
[SourceVersionDate "2006.09.14"]
[SourceQuality "1"]

1. e4 e6 2. d4 d5 3. e5 c5 4. c3 Qb6 5. Nf3 Bd7 6. a3 Bb5 7. b4 cxd4 8. Bxb5+ Qxb5 9. cxd4 Nd7 10. Nc3 Qc6 11. Bd2 Nb6 12. 0-0 Ne7 13. Qb1 Nc4 14. Rc1 Nf5 15. Ne2 Qb6 16. Bf4 Be7 17. Qd3 Qd8 18. Bd2 h5 19. Nc3 Rc8 20. Nd1 g5 21. Ne3 Nfxe3 22. Bxe3 a6 23. Nd2 b5 24. Nb3 Rc7 25. Nc5 Bxc5 26. bxc5 f5 27. Rcb1 Rb7 28. a4 b4 29. a5 Rb5 30. Ra4 b3 31. Bd2 b2 32. Bc3 Kd7 33. Ra2 Qc7 34. h4 g4 35. Raxb2 Nxb2 36. Rxb2 Rxb2 37. Bxb2 Qxa5 38. Bc3 Qa3 39. Qb1 Rc8 40. Qb7+ Kd8 41. Bd2 1-0

[Event "Berlin op 07"]
[Site "Berlin"]
[Date "2006.07.11"]
[Round "4"]
[White "Neerforth, Philipp"]
[Black "Kauschmann, Herbert"]
[Result "0-1"]
[WhiteElo "2221"]
[BlackElo "2178"]
[PlyCount "150"]
[EventDate "2006.07.08"]
[EventType "swiss"]
[EventRounds "9"]
[EventCountry "GER"]
[SourceTitle "CBM 113 Extra"]
[Source "ChessBase"]
[SourceDate "2006.09.14"]
[SourceVersion "1"]
[SourceVersionDate "2006.09.14"]
[SourceQuality "1"]

1. Nf3 d6 2. d4 Nf6 3. c4 c5 4. Nc3 cxd4 5. Nxd4 Nc6 6. e4 Qa5 7. Nb3 Qc7 8. Be2 h6 9. Be3 g6 10. Nd5 Qd8 11. Nxf6+ exf6 12. Qd2 Be6 13. 0-0 Be7 14. Nd4 Nxd4 15. Qxd4 g5 16. f4 0-0 17. h4 b6 18. Kh1 Rc8 19. Rac1 Re8 20. Bh5 gxf4 21. Rxf4 Rc5 22. Bg4 Qc8 23. Bxe6 Qxe6 24. Qd1 Re5 25. Qg4+ Qxg4 26. Rxg4+ Kh7 27. Bd4 Re6 28. Rf1 Bd8 29. Re1 h5 30. Rf4 Kg8 31. g3 a6 32. Kg2 b5 33. b3 bxc4 34. bxc4 Ba5 35. Rb1 Rxe4 36. Rxe4 Rxe4 37. Bxf6 Rxc4 38. Kf3 Bb4 39. Rd1 Kh7 40. Be7 Rc7 41. Rb1 a5 42. Bd8 Rc8 43. Be7 Kg6 44. Rb3 Kf5 45. a3 Bc5 46. Rb5 Ke6 47. Bg5 Ra8 48. a4 Bb4 49. Be3 f5 50. Rb7 Rh8 51. Bd4 Rh6 52. Ra7 Be1 53. Bf2 Bc3 54. Bb6 Ke5 55. Bxa5 Bxa5 56. Rxa5+ d5 57. Ra8 Rb6 58. Re8+ Kf6 59. Re3 d4 60. Ra3 Ke5 61. a5 Ra6 62. Ra4 Kd5 63. Kf4 Kc5 64. Kxf5 d3 65. Ra1 Kc4 66. Kg5 d2 67. Kxh5 Rxa5+ 68. Rxa5 d1Q+ 69. g4 Qd8 70. Rf5 Qh8+ 71. Kg5 Qg7+ 72. Kf4 Qh6+ 73. Kg3 Kd4 74. g5 Qd6+ 75. Kg4 Qe6 0-1

[Event "Berlin op 07"]
[Site "Berlin"]
[Date "2006.07.10"]
[Round "3"]
[White "Kauschmann, Herbert"]
[Black "Schildt, Rene"]
[Result "1-0"]
[WhiteElo "2178"]
[BlackElo "1985"]
[PlyCount "63"]
[EventDate "2006.07.08"]
[EventType "swiss"]
[EventRounds "9"]
[EventCountry "GER"]
[SourceTitle "CBM 113 Extra"]
[Source "ChessBase"]
[SourceDate "2006.09.14"]
[SourceVersion "1"]
[SourceVersionDate "2006.09.14"]
[SourceQuality "1"]

1. e4 e6 2. d4 d5 3. e5 c5 4. c3 Nc6 5. Nf3 Bd7 6. a3 f6 7. b4 cxd4 8. cxd4 Qc7 9. Bb2 fxe5 10. dxe5 g6 11. Nc3 Nh6 12. b5 Na5 13. Nxd5 exd5 14. e6 Bxe6 15. Bxh8 0-0-0 16. Be5 Qb6 17. Qc2+ Nc4 18. Bxc4 dxc4 19. 0-0 Bc5 20. Rad1 Rxd1 21. Qxd1 Qxb5 22. Qd2 Nf7 23. Ng5 c3 24. Bxc3 Bxf2+ 25. Qxf2 Qxg5 26. Bf6 Qa5 27. Qe3 Qb6 28. Bd4 Qd6 29. Rc1+ Kd7 30. Bxa7 Ne5 31. Bc5 Qb8 32. Qd4+ 1-0

[Event "Berlin op 03"]
[Site "Berlin"]
[Date "2005.03.29"]
[Round "5"]
[White "Von Herman, Ulf"]
[Black "Kauschmann, Herbert"]
[Result "0-1"]
[WhiteElo "2371"]
[BlackElo "2140"]
[PlyCount "84"]
[EventDate "2005.03.25"]
[EventType "swiss"]
[EventRounds "9"]
[EventCountry "GER"]
[SourceTitle "EXT 2007"]
[Source "ChessBase"]
[SourceDate "2006.11.23"]
[SourceVersion "1"]
[SourceVersionDate "2006.11.23"]
[SourceQuality "1"]

1. d4 g6 2. e4 Bg7 3. Nf3 d6 4. Nc3 Nc6 5. Be3 Nf6 6. Qd2 Bg4 7. d5 Nb8 8. Nd4 c6 9. f3 Bc8 10. dxc6 bxc6 11. 0-0-0 Qa5 12. Nb3 Qc7 13. Bh6 Bxh6 14. Qxh6 Be6 15. h4 Bxb3 16. axb3 Nbd7 17. g4 Qa5 18. Kb1 Qc5 19. Be2 Nb6 20. Qd2 0-0-0 21. f4 d5 22. Ba6+ Kb8 23. Qe2 h5 24. g5 Ng4 25. e5 e6 26. Rh3 Qf2 27. Rf1 Qxe2 28. Bxe2 d4 29. Ne4 Ne3 30. Rff3 Nf5 31. b4 Nd5 32. Nc5 Kc7 33. c3 Ra8 34. Na6+ Kb6 35. Kc2 Rad8 36. Kb3 Nde3 37. Nc5 a5 38. Rh1 axb4 39. cxb4 d3 40. Rxe3 Nxe3 41. Nxd3 Rd4 42. Kc3 Rd7 0-1

[Event "Berlin op 03"]
[Site "Berlin"]
[Date "2005.03.25"]
[Round "1"]
[White "Kauschmann, Herbert"]
[Black "Zschaebitz, Klaus"]
[Result "1/2-1/2"]
[WhiteElo "2140"]
[BlackElo "2091"]
[PlyCount "148"]
[EventDate "2005.03.25"]
[EventType "swiss"]
[EventRounds "9"]
[EventCountry "GER"]
[SourceTitle "EXT 2007"]
[Source "ChessBase"]
[SourceDate "2006.11.23"]
[SourceVersion "1"]
[SourceVersionDate "2006.11.23"]
[SourceQuality "1"]

1. e4 e6 2. d4 d5 3. e5 c5 4. c3 Qb6 5. Nf3 Nc6 6. a3 Bd7 7. b4 cxd4 8. cxd4 Rc8 9. Be2 Nh6 10. 0-0 Nf5 11. Bb2 Be7 12. Qd2 Nb8 13. Nc3 h5 14. Rfd1 Na6 15. b5 Nb8 16. Na4 Qd8 17. Bc3 Kf8 18. Bb4 Be8 19. Rdc1 Rxc1+ 20. Rxc1 Nd7 21. Nc5 Qb8 22. Nxd7+ Bxd7 23. Bxe7+ Nxe7 24. Qb4 Ke8 25. Qc5 Qc8 26. Bd3 f6 27. a4 Qxc5 28. Rxc5 Kd8 29. h4 Be8 30. a5 b6 31. axb6 axb6 32. Rc3 Kd7 33. Ra3 Nc8 34. Ne1 fxe5 35. dxe5 Rh6 36. Nf3 Bg6 37. Bxg6 Rxg6 38. Ng5 Rh6 39. Rf3 Ne7 40. Ra3 Nf5 41. g3 Rg6 42. Ra4 Kc7 43. Kf1 Kb7 44. Ke2 Nh6 45. Kd3 Ng4 46. f4 Nh6 47. Ke3 Nf5+ 48. Kf2 Rh6 49. Nf7 Rg6 50. Ra3 Kc8 51. Rc3+ Kd7 52. Ra3 Kc8 53. Nd6+ Nxd6 54. exd6 Kd7 55. Rc3 Rf6 56. Ke3 Rf8 57. Rc7+ Kxd6 58. Rc6+ Ke7 59. Rxb6 Rc8 60. Kd3 Rc4 61. Rb8 Kd6 62. Rb7 Rc7 63. Rb6+ Kd7 64. f5 exf5 65. Rg6 Rc4 66. Rxg7+ Kd6 67. Rf7 Rb4 68. Rxf5 Rxb5 69. Ke2 Rb2+ 70. Kf3 Rb3+ 71. Kf4 Rb4+ 72. Kf3 Rb3+ 73. Kf2 Rb2+ 74. Ke1 Rb3 1/2-1/2

[Event "Berlin Lichtenberger Sommer 3th"]
[Site "Berlin"]
[Date "2004.08.21"]
[Round "7.7"]
[White "Reichenbach, Werner"]
[Black "Kauschmann, Herbert"]
[Result "1-0"]
[WhiteElo "2304"]
[BlackElo "2142"]
[PlyCount "85"]
[EventDate "2004.08.14"]
[EventType "swiss"]
[EventRounds "9"]
[EventCountry "GER"]
[SourceTitle "EXT 2022"]
[Source "ChessBase"]
[SourceDate "2021.10.06"]
[SourceVersion "1"]
[SourceVersionDate "2021.10.06"]
[SourceQuality "1"]

1. Nf3 c5 2. e4 Nc6 3. Nc3 e6 4. d4 cxd4 5. Nxd4 d6 6. g3 Be7 7. Bg2 a6 8. 0-0 Bd7 9. a4 Qc7 10. Nxc6 Bxc6 11. Be3 Nf6 12. a5 0-0 13. Bb6 Qc8 14. Re1 Nd7 15. Bd4 Rd8 16. Nd5 Bxd5 17. exd5 e5 18. Bh3 Qc4 19. Be3 Nf6 20. Bg2 Nd7 21. b3 Qc7 22. Qd2 f5 23. Ra4 Rdc8 24. Rc4 Qd8 25. Qb4 Rxc4 26. bxc4 Rc8 27. f4 e4 28. Bf1 Nc5 29. Rb1 Bf6 30. Be2 Qc7 31. Kg2 Rb8 32. h3 Bd8 33. Ra1 g6 34. g4 Qg7 35. Rg1 fxg4 36. Bxg4 Qc7 37. Qb2 h5 38. Be2 Qf7 39. Kh2 Bf6 40. Qb6 Na4 41. Qxd6 Rd8 42. Qb4 Nc3 43. Bxh5 1-0

[Event "Berlin Lichtenberger Sommer 3th"]
[Site "Berlin"]
[Date "2004.08.19"]
[Round "6.8"]
[White "Kauschmann, Herbert"]
[Black "Gruzmann, Boris"]
[Result "1/2-1/2"]
[WhiteElo "2142"]
[BlackElo "2229"]
[PlyCount "76"]
[EventDate "2004.08.14"]
[EventType "swiss"]
[EventRounds "9"]
[EventCountry "GER"]
[SourceTitle "EXT 2022"]
[Source "ChessBase"]
[SourceDate "2021.10.06"]
[SourceVersion "1"]
[SourceVersionDate "2021.10.06"]
[SourceQuality "1"]

1. e4 c5 2. Nf3 d6 3. Bb5+ Bd7 4. Bxd7+ Qxd7 5. c4 Nc6 6. Nc3 g6 7. d3 Bg7 8. Bd2 Nh6 9. 0-0 f5 10. Qc1 Nf7 11. a3 0-0 12. Rb1 Nfe5 13. Ne1 Nd4 14. Be3 Rf7 15. Bxd4 cxd4 16. Ne2 fxe4 17. dxe4 d3 18. Nc3 Raf8 19. f3 Qg4 20. Qe3 Qh5 21. Nxd3 Nxc4 22. Qe2 Nxa3 23. bxa3 Bxc3 24. Rxb7 Qa5 25. Rb3 Bd4+ 26. Kh1 Rc8 27. Rfb1 e6 28. h3 Rfc7 29. f4 Rc2 30. Qg4 Qd2 31. Kh2 Kh8 32. Ne1 Rc1 33. Nf3 Qd1 34. Rxc1 Rxc1 35. Rb8+ Kg7 36. Rb7+ Kh8 37. Rb8+ Kg7 38. Rb7+ Kh8 1/2-1/2